00721nam a2200217Ia 4500003000900000008004100009020001600050040001600066080002400082245007200106260003300178300001400211650003400225650001900259650002500278650002300303700002700326942000700353999001500360952012800375IN-BaIIA211028s9999 xx 000 0 eng d a306-38308-X cIIA Library a047.1:535.33bDEV-8 0aDevelopments in applied spectroscopybvol. 8cedited by E. L. Grove aNew YorkbPlenum Pressc1970 aix, 325p. aAbsorption spectroscopy91788 aNASA Thesaurus aOptical spectroscopy aSpectroscopy91535 aGrove, E.L., ed.96972 cBK c3925d3925 00104070aBANbBANcGENd1972-06-16g148.00l0o047.1:535.33/ DEV-8p4386r2021-11-05v148.00w1972-06-16yBKGRs. 148.00